000 03447nab a2200277 i 4500
003 BR-BrBNA
005 20251218135752.0
008 251218b2024 bl.ar|pooa||| 00| 0 eng |
040 _aBR-BrBNA
_beng
072 _aF70
100 _aSouza, Igor Renan Bonfim de
100 _aSousa, Luana Mateus de
100 _aSoares Neto, Raimundo Luciano
100 _aLoiola, Maria Iracema Bezerra
245 _aFlora of Ceará, Brazil: Vochysiaceae
500 _aPublicação on-line; 48 ref.; 2 illus.; Summaries (En, Pt)
520 _a Abstract As part of the “Flora of Ceará: Knowing to Conserve” project, this study aimed to contribute to the knowledge of the diversity and distribution of Vochysiaceae species in the state of Ceará. The identifications, descriptions, comments on ecology and distribution, illustrations and distribution maps of the taxa were based on the analysis of samples obtained in the field, in collections deposited in herbaria, and specialized bibliographies. Eight species of Vochysiaceae belonging to four genera occur in Ceará: Callisthene (2), Qualea (2), Salvertia (1), and Vochysia (3). The species were recorded in 41 municipalities. Callisthene fasciculata and Qualea parviflora were the species with the most collection records. The species inhabit different phytoecological units in Ceará and were recorded mainly in the Dense Ombrophilous Forest (Mata úmida), Steppic Savanna (Caatinga/Carrasco), and Neotropical Savanna and Neotropical Savanna (Cerrado). Seven species occur in five different Conservation Areas. Vochysia oppugnata is a new occurrence for the state of Ceará and was recorded in Dense Ombrophilous Forest. Key words: diversity, Myrtales, northeastern Brazil, semiarid. Resumo Vinculado ao projeto “Flora do Ceará: conhecer para conservar”, o estudo teve como objetivo contribuir para o conhecimento da diversidade e distribuição das espécies de Vochysiaceae no estado do Ceará. Com base na análise de amostras obtidas em campo, em coleções depositadas em herbários e bibliografias especializadas foram feitas as identificações, descrições, comentários sobre a ecologia e distribuição, ilustrações e mapas de distribuição dos táxons. No território cearense ocorrem oito espécies de Vochysiaceae pertencentes a quatro gêneros: Callisthene (2), Qualea (2), Salvertia (1) e Vochysia (3). As espécies foram registradas em 41 municípios. Callisthene fasciculata e Qualea parviflora foram as espécies mais coletadas. As espécies habitam diferentes unidades fitoecológicas no Ceará e foram coletadas principalmente em Floresta Ombrófila Densa (Mata úmida), Savana Estépica (Caatinga) e Savana (Cerrado). Sete espécies ocorrem em cinco diferentes Unidades de Conservação. Vochysia oppugnata é uma nova ocorrência para o estado do Ceará e foi registrada na Floresta Ombrófila Densa. Palavras-chave: diversidade, Myrtales, nordeste do Brasil, semiárido.
650 _aBIODIVERSIDADE
650 _aNORDESTE
650 _aCLIMA SEMIÁRIDOS
650 _aVOCHYSIACEAE
773 0 _0709
_9359346
_dRio de Janeiro-RJ Jardim Botanico do Rio de Janeiro 1935
_o2025-7320
_tRodriguésia (Brazil)
_x0370-6583; 2175-7860 on-line
_gv. 75 p. 1-12; (2024)
_wBR2025004504
856 _uhttps://www.scielo.br/j/rod/a/nywcjzqGm3HDpS5PdxYxC3C/?format=pdf&lang=en
942 _cANA
999 _c339496
_d339496